Censorship Is the Least of The Problems: The Political and Economic Threats to Freedom of the Press in Hungary

Sloboda tlače v Maďarsku podľa Indexu slobody tlače a súvislosť s Orbánovou vládou. Autocenzúra, politický nátlak, mediálna suverenita a vlastníctvo médií v maďarských rukách. Úloha mediálnej rady v Maďarsku. Návrat samizdatu.

Uložené v:
Podrobná bibliografia
Hlavný autor: Nova, Eszter
Médium: Kapitola
Jazyk:English
Predmet:
Tagy: Pridať tag
Žiadne tagy, Buďte prvý, kto otaguje tento záznam!

MARC

LEADER 00000nla a2200000 4500
001 0246317
005 20240426095835.6
041 0 |a eng 
044 |a PL 
245 1 0 |a Censorship Is the Least of The Problems: The Political and Economic Threats to Freedom of the Press in Hungary  |c Eszter Nova 
520 |a Sloboda tlače v Maďarsku podľa Indexu slobody tlače a súvislosť s Orbánovou vládou. Autocenzúra, politický nátlak, mediálna suverenita a vlastníctvo médií v maďarských rukách. Úloha mediálnej rady v Maďarsku. Návrat samizdatu. 
610 2 0 |a sloboda 
610 2 0 |a politika 
610 2 0 |a cenzúra 
610 2 0 |a médiá 
610 2 0 |a informácie 
610 2 0 |a tlač 
610 2 0 |a televízia 
610 2 0 |a rozhlas 
610 2 0 |a štát 
610 2 0 |a nezávislosť 
610 2 0 |a nezávislosť hospodárska 
610 2 0 |a zákony 
610 2 0 |a populizmus 
610 2 0 |a Maďarsko 
100 1 |a Nova, Eszter